<The> Effect of Leverage on Corporate Cash Holdings: Evidence from Indonesian Manufacturing Firms

Testovanie vplyvu pákového efektu na podnikové hotovostné vklady na vzorke výrobných spoločností zapísaných na Indonézskej burze v rokoch 2006-2007. Výsledky ukazujú, že pákový efekt má negatívny vplyv na držbu firemnej hotovosti. Indonézske výrobné firmy s vysokým pákovým efektom môžu držať hotovos...

Ausführliche Beschreibung

Gespeichert in:
Bibliographische Detailangaben
1. Verfasser: Wijaya, Anggita Langgeng
Weitere Verfasser: Bandi
Format: Buchkapitel
Sprache:Englisch
Schlagworte:
Tags: Tag hinzufügen
Keine Tags, Fügen Sie das erste Tag hinzu!

MARC

LEADER 00000naa a2200000 4500
001 0253106
005 20221104111428.7
041 0 |a eng 
044 |a CZ 
245 1 0 |a <The> Effect of Leverage on Corporate Cash Holdings: Evidence from Indonesian Manufacturing Firms  |c Anggita Langgeng Wijaya, Bandi 
520 |a Testovanie vplyvu pákového efektu na podnikové hotovostné vklady na vzorke výrobných spoločností zapísaných na Indonézskej burze v rokoch 2006-2007. Výsledky ukazujú, že pákový efekt má negatívny vplyv na držbu firemnej hotovosti. Indonézske výrobné firmy s vysokým pákovým efektom môžu držať hotovosť v malých čiastkach pretože dlh je náhradou podnikových hotovostných vkladov. 
610 2 0 |a Indonézia 
610 2 0 |a hotovosť 
610 2 0 |a financovanie 
610 2 0 |a financovanie investícií 
610 2 0 |a riziko 
610 2 0 |a firmy 
610 2 0 |a burzy 
610 2 0 |a holding 
100 1 |a Wijaya, Anggita Langgeng 
700 1 |a Bandi